000 03442cam a22006134i 4500
001 u24474
003 PE-LiUPU
005 20250731173059.0
008 150623s r 000 0 d
020 _a1566520045
035 _a(Sirsi) i9781566520041
040 _aPE-LiUPU
_bspa
_cPE-LiUPU
_erda
049 _aPRUA
050 _aBS544
_b.M39 1996
082 0 4 _a231.7
_bM31
_221
100 1 _aMaxwell, Arthur Graham,
_eautor.
245 1 0 _aSiervos o amigos :
_botra visión de Dios /
_cArthur Graham Maxwell.
264 1 _aRedlands, California :
_bPineknoll,
_c1996.
300 _a199 páginas :
_bilustraciones fotos ;
_c23 centímetros
336 _atext
_2rdacontent
337 _aunmediated
_2rdamedia
338 _avolume
_2rdacarrier
505 0 _aTendrías miedo de encontrarte con Dios -- Preferiría que fuesen mis amigos -- No hay amistad donde no hay confianza -- La confianza no se impone por decreto -- Ten cuidado donde pones tu confianza -- Los amigos se tratan con franqueza -- Amistad y como Dios usa la ley.Como los siervos y los amigos miran el pecado y la salvación -- Solamente tu mejor amigo te lo mostraría -- Las libertades de la amistad -- La amistad y la lucha con el pecado -- Permite que Dios te cambie de enemigo a amigo -- Bastante hemos rodeado este monte -- Amigos de un Dios amigable.
526 _aSEG42
526 _aSEG41
526 _aSEG40
526 _aSEG39
526 _aP94
526 _aP87
526 _aP86
526 _aP85
526 _aP77
526 _aP76
526 _aP35
596 _a1 2 3 4
650 0 4 _aDios
_xEnseñanza bíblica.
910 _cjcv
_d20171204
942 _2ddc
_cBOOK
994 _aC0
_bPEPRU
949 _a231.7 M31
_wDEWEY
_c1
_i48789
_f2018-2-7
_g2
_lCCODEBUL1
_mBUL
_r0
_sY
_tBOOK
_u2015-6-24
_xTEOLOGIA
_zUNKNOWN
_0COMPRA
_o.STAFF. Colección General
949 _a231.7 M31
_wDEWEY
_c1
_iFJ07979
_lCCODEBUJ1
_mBUJ
_p10.00
_q1
_r0
_sY
_tBOOK
_u2017-6-12
_xBIBLIOTECA
_zUNKNOWN
_0COMPRA
_o.STAFF. Colección General Juliaca
949 _a231.7 M31
_wDEWEY
_c1
_iFT03418
_lCCODEBUT1
_mBUT
_p10.00
_r0
_sY
_tBOOK
_u2017-12-4
_xUNKNOWN
_zUNKNOWN
_0DONACION
949 _a231.7 M31
_wDEWEY
_c2
_i48788
_f2018-2-7
_g2
_lCCODEBUL1
_mBUL
_r0
_sY
_tBOOK
_u2015-6-24
_xTEOLOGIA
_zUNKNOWN
_0COMPRA
_o.STAFF. Colección General
949 _aBS544 .M39 1996
_wLC
_c1
_iCW00041
_lCIAE6
_mBWL
_p81.00
_r1
_sY
_tBOOK
_u2017-1-20
_xWHITE
_zUNKNOWN
_0COMPRA
_o.STAFF. Centro White
999 _a231.7 M31
_wDEWEY
_c27956
_i48789
_f2021-11-9
_g5
_lCCODEBUL1
_mBUL
_r0
_sY
_tBOOK
_u2015-6-24
_xTEOLOGIA
_zUNKNOWN
_0COMPRA
_o.STAFF. Colección General
_d27956
999 _a231.7 M31
_wDEWEY
_c2
_i48788
_f2021-11-9
_g5
_lCCODEBUL1
_mBUL
_r0
_sY
_tBOOK
_u2015-6-24
_xTEOLOGIA
_zUNKNOWN
_0COMPRA
_o.STAFF. Colección General
999 _a231.7 M31
_wDEWEY
_c1
_iFJ07979
_d2019-9-17
_e2018-6-19
_f2022-2-3
_g4
_lCCODEBUJ1
_mBUJ
_n1
_p10.00
_q6
_r0
_sY
_tBOOK
_u2017-6-12
_xBIBLIOTECA
_zUNKNOWN
_0COMPRA
_o.STAFF. Colección General Juliaca
999 _a231.7 M31 1996
_wLC
_c1
_iCW00041
_f2021-12-22
_g2
_lCCODECWL1
_mBWL
_p81.00
_r1
_sY
_tBOOK
_u2017-1-20
_xWHITE
_zUNKNOWN
_0COMPRA
_o.STAFF. Centro White
999 _a231.7 M31
_wDEWEY
_c1
_iFT03418
_f2019-2-20
_g1
_lCCODEBUT1
_mBUT
_p10.00
_r0
_sY
_tBOOK
_u2017-12-4
_xUNKNOWN
_zUNKNOWN
_0DONACION
980 _81
_gALBERTO SANCHEZ Responsable de Automatización